=LDR 00000nam 2200000 4500 =001 001138 =005 20250714085008 =035 ##$$a 0010-0725001022 =007 ta =008 250714################a##########0#ind## =020 ##$$a 978-602-244-281-3 =082 ##$$a 398.209 598 =084 ##$$a 398.209 598 LUT m =100 #$$a Lutfia khoirunisa =245 1#$$a Mau masak apa, lintang? /$c Lutfia khoirunisa =250 ##$$a Cetakan pertama =260 ##$$a Jakarta pusat :$b Badan pengembangan dan pembinaan bahasa,$c 2019 =300 ##$$a 48hlm. : $b Ilus. ; $c 25cm =650 #4$$a Cerita anak-indonesia